00540nam a22001457a 450000500170000000800410001702000270005804100130008508200130009810000270011124501430013826000560028130000320033765000250036920240124083730.0240124b |||||||| |||| 00| 0 eng d a040900480 ; 0409004502 aEnglish  a349 JOU  aJoubert, WA lEnglish  aThe Law of South Africa : Building and Engineering Contracts, Architects, Engineers and Quantity Suveyors to Conflict Laws / cWA Joubert  aDurban : bButterworth Publishers (Pty) Ltd,c1993  bviii, 494 pages ; c26 cm.  aLegal practice bLaw